Statistics for 1305-ゆりかもめの駅

Click here to take the quiz!

General Stats

  • This quiz has been taken 222 times
  • The average score is 12 of 16

Answer Stats

東京臨海新交通臨海線% Correct
新橋
98%
豊洲
95%
汐留
90%
有明
87%
有明テニスの森
84%
台場
83%
お台場海浜公園
79%
新豊洲
73%
東京ビッグサイト
72%
市場前
72%
テレコムセンター
71%
青海
66%
竹芝
64%
日の出
62%
芝浦ふ頭
62%
東京国際クルーズターミナル
55%

Score Distribution

Percentile by Number Answered

Percent of People with Each Score

Your Score History

You have not taken this quiz